[Event "OGOLNOPOLSKA OLIMPIADA MLODZIEZY<br/>MISTRZOSTWA POLSKI JUNIOROW 2016 - D14"]
[Site "Olecko"]
[Date "2016-05-08"]
[Round "3.5"]
[White "Wolagiewicz, Kinga"]
[Black "Furtak, Joanna"]
[Result "1-0"]
[WhiteTitle "I"]
[BlackTitle "I+"]
[WhiteElo "1397"]
[BlackElo "1701"]

1. e4 e5 2. Nf3 Nc6 3. Bb5 a6 4. Ba4 d6 5. d3 f5 6. exf5 Bxf5 7. O-O Be7 8. c3
Nf6 9. Re1 b5 10. Bb3 h6 11. Nh4 Qd7 12. Qf3 Bg4 13. Qe3 Bh5 14. Nf3 Bf7 15. Bxf7+
Kxf7 16. Nbd2 Nd5 17. Qe4 Nf6 18. Qe2 Rhe8 19. Ne4 b4 20. cxb4 Nxb4 21. a3 Nbd5
22. b4 Qb5 23. Bd2 Nf4 24. Bxf4 exf4 25. Nd4 Qd7 26. Qa2+ d5 27. Nc3 c6 28. Nf3
Bd6 29. Na4 Rab8 30. Nc5 Bxc5 31. bxc5 Qc7 32. d4 Nd7 33. Qc2 g6 34. Nh4 Nf8 35.
Nf3 Nd7 36. Rab1 Rxb1 37. Qxb1 Rb8 38. Qc2 a5 39. Qe2 Nf8 40. Ne5+ Kg7 41. Qc2
Re8 42. Rb1 Qc8 43. Qa4 Ne6 44. Qxc6 Qxc6 45. Nxc6 Rc8 46. Ne7 Rd8 47. Nc6 Rc8
48. Rb6 Kf7 49. Ne5+ Kf6 50. Nxg6 Kxg6 51. Rxe6+ Kf7 52. Rxh6 Rb8 53. Rb6 Re8
54. Kf1 Re4 55. c6 Ke7 56. c7 Kd7 57. Rc6 Kc8 58. Rc5 Rxd4 59. Ke2 Ra4 60. Rxd5
Rxa3 61. h4 a4 62. h5 f3+ 63. gxf3 Rc3 64. Rd8+ Kxc7 65. h6 a3 66. h7 a2 67. h8=Q
a1=Q 68. Rc8+ Kd7 69. Qxc3 Qa4 70. Rc4 Qa8 71. Rd4+ Ke7 72. Qe3+ Kf7 73. Qf4+
1-0

[Event "OGOLNOPOLSKA OLIMPIADA MLODZIEZY<br/>MISTRZOSTWA POLSKI JUNIOROW 2016 - D14"]
[Site "Olecko"]
[Date "2016-05-08"]
[Round "3.6"]
[White "Budkiewicz, Magdalena"]
[Black "Skiba, Aleksandra"]
[Result "1-0"]
[WhiteTitle "I"]
[BlackTitle "I"]
[WhiteElo "1495"]
[BlackElo "1596"]

1. e4 c5 2. Nf3 Nc6 3. d4 cxd4 4. Nxd4 e5 5. Nb5 d6 6. N1c3 a6 7. Na3 b5 8. Nd5
Nce7 9. c4 Nxd5 10. exd5 bxc4 11. Nxc4 Nf6 12. Be3 Rb8 13. Be2 Be7 14. O-O O-O
15. Rc1 Bb7 16. Bb6 Qd7 17. Ba7 Rbe8 18. Nb6 Qd8 19. a4 Nd7 20. a5 f5 21. Rc3
Bg5 22. Qc2 Re7 23. Rd1 Nc5 24. Na4 Nxa4 25. Qxa4 Qa8 26. Bb6 Rc8 27. Qc2 Rxc3
28. Qxc3 Rd7 29. h3 Qc8 30. Rd3 Qxc3 31. Rxc3 Kf8 32. Kf1 Bd2 33. Rc2 Bb4 34.
f3 g6 35. Bd3 Bxd5 36. Bxa6 e4 37. fxe4 fxe4 38. Bc8 Rf7+ 39. Ke2 Bb3 40. Rc1
Bd5 41. a6 Ke8 42. a7 Ba8 43. Be6 Rb7 44. Rc8+ Ke7 45. Rxa8 Rxb6 46. Re8+ Kxe8
47. a8=Q+ Ke7 48. Qa7+ Kxe6 49. Qxb6 Bc5 50. Qb8 Ke5 51. b4 Bd4 52. b5 h5 53.
b6 Ke6 54. b7 d5 55. Qe8+ Kd6 56. b8=Q+ 1-0

[Event "OGOLNOPOLSKA OLIMPIADA MLODZIEZY<br/>MISTRZOSTWA POLSKI JUNIOROW 2016 - D14"]
[Site "Olecko"]
[Date "2016-05-08"]
[Round "3.7"]
[White "Swiech, Joanna"]
[Black "Moscicka, Pola"]
[Result "1-0"]
[WhiteTitle "I++"]
[BlackTitle "k"]
[WhiteElo "1939"]
[BlackElo "1838"]

1. d4 Nf6 2. c4 e6 3. g3 d5 4. cxd5 exd5 5. Nf3 Be7 6. Bg2 O-O 7. O-O c6 8. Nc3
Bf5 9. Bf4 Nbd7 10. Rc1 Ne4 11. a3 Re8 12. Na4 Nb6 13. Ne5 f6 14. Nd3 Bd6 15.
Bxd6 Nxd6 16. Nac5 Qe7 17. Re1 Bg4 18. Rc2 Nbc4 19. h3 Bh5 20. Nf4 Bf7 21. e3
b6 22. Ncd3 Rac8 23. a4 Ne4 24. b3 Ncd6 25. Qc1 g5 26. Ne2 Qd7 27. f3 Nxg3 28.
Nxg3 Be6 29. Nf2 f5 30. Nd3 g4 31. Ne5 Qg7 32. hxg4 fxg4 33. f4 h5 34. Nxh5 Qh6
35. Ng3 Qh4 36. Nf1 Bf5 37. Rf2 g3 38. Rf3 Ne4 39. Re2 Re6 40. Qe1 Rh6 41. Nxg3
Qh2+ 42. Kf1 Bh3 43. Bxh3 Qxh3+ 44. Rg2 Kh7 45. Qe2 Nc3 46. Qc2+ Ne4 47. Nxe4
Qh1+ 48. Rg1 Qxg1+ 49. Kxg1 Rg8+ 50. Ng5+ 1-0

[Event "OGOLNOPOLSKA OLIMPIADA MLODZIEZY<br/>MISTRZOSTWA POLSKI JUNIOROW 2016 - D14"]
[Site "Olecko"]
[Date "2016-05-08"]
[Round "3.8"]
[White "Tarka, Aleksandra"]
[Black "Rudzinska, Michalina"]
[Result "0-1"]
[WhiteTitle "I"]
[BlackTitle "I"]
[WhiteElo "1472"]
[BlackElo "1738"]

1. d4 d5 2. Nf3 Nf6 3. Bg5 e6 4. e3 c5 5. c3 Nc6 6. Bd3 Be7 7. Nbd2 O-O 8. O-O
b6 9. Ne5 Nxe5 10. dxe5 Nd7 11. Bxe7 Qxe7 12. f4 Bb7 13. Qh5 g6 14. Qh6 f6 15.
exf6 Rxf6 16. g4 Raf8 17. g5 R6f7 18. Qh3 e5 19. Qg3 exf4 20. Rxf4 Rxf4 21. exf4
c4 22. Bf1 Qd6 23. Bh3 Nc5 24. b3 b5 25. Rf1 Nd3 26. Qe3 Nxf4 27. Bg4 Qb6 28.
Qxb6 axb6 29. Re1 b4 30. Nb1 bxc3 31. Nxc3 d4 32. Nb5 cxb3 33. axb3 d3 34. Nd6
Bd5 35. b4 Rd8 36. Ne4 Ne2+ 37. Bxe2 Bxe4 38. Bd1 Rd4 39. Rf1 Bf5 40. Bb3+ Kf8
41. Be6 d2 42. Bxf5 gxf5 43. Rd1 Kf7 44. Kf2 Kg6 45. Ke3 Rd8 46. Rxd2 Rxd2 47.
Kxd2 Kxg5 48. Ke3 Kg4 0-1

[Event "OGOLNOPOLSKA OLIMPIADA MLODZIEZY<br/>MISTRZOSTWA POLSKI JUNIOROW 2016 - D14"]
[Site "Olecko"]
[Date "2016-05-08"]
[Round "3.9"]
[White "Sivickis, Wiktoria"]
[Black "Raczykowska, Paulina"]
[Result "0-1"]
[WhiteTitle "I"]
[BlackTitle "I+"]
[WhiteElo "1459"]
[BlackElo "1737"]

1. Nf3 d5 2. d4 Nf6 3. c4 e6 4. Bg5 Be7 5. Bxf6 Bxf6 6. e3 O-O 7. Nc3 b6 8. cxd5
exd5 9. Qc2 Be6 10. Bd3 h6 11. O-O-O c5 12. Rdg1 Nc6 13. dxc5 Nb4 14. Qb1 bxc5
15. Rd1 Qa5 16. Rd2 Rab8 17. Kd1 Rb7 18. a3 Nxd3 19. Qxd3 Bxc3 20. bxc3 Rb3 21.
Rc2 Qxa3 22. Kd2 c4 23. Qd4 Bf5 24. Rcc1 Rfb8 25. Qxd5 Qb2+ 26. Kd1 Qxc1+ 0-1

[Event "OGOLNOPOLSKA OLIMPIADA MLODZIEZY<br/>MISTRZOSTWA POLSKI JUNIOROW 2016 - D14"]
[Site "Olecko"]
[Date "2016-05-08"]
[Round "3.10"]
[White "Orlik, Sandra"]
[Black "Kulpa, Zuzanna"]
[Result "1-0"]
[WhiteTitle "I"]
[BlackTitle "I+"]
[WhiteElo "1451"]
[BlackElo "1654"]

1. d4 Nf6 2. Nf3 c5 3. e3 cxd4 4. exd4 d5 5. Bd3 Bg4 6. h3 Bh5 7. b3 Nc6 8. Bb2
e6 9. O-O Bd6 10. Nbd2 O-O 11. Be2 Rc8 12. Ne5 Bxe2 13. Qxe2 a6 14. a4 Nb4 15.
c3 Nc6 16. f4 Qb6 17. Kh1 Qc7 18. Rf2 Ne7 19. g4 Nd7 20. h4 Rce8 21. h5 f6 22.
Nxd7 Qxd7 23. Rg1 Nc6 24. g5 fxg5 25. fxg5 Rxf2 26. Qxf2 Rf8 27. Qg2 Rf4 28. Nf3
Qe7 29. Bc1 Rf5 30. Nh4 Rf8 31. Re1 Kh8 32. Qh3 Qf7 33. Ng6+ Kg8 34. Nxf8 Bxf8
35. Qxe6 Qxe6 36. Rxe6 Kf7 37. Re2 Be7 38. Kg2 Na5 39. b4 Nc4 40. Bf4 Nb6 41.
a5 Nc4 42. Kg3 Bd6 43. Kg4 g6 44. hxg6+ hxg6 45. Bxd6 Nxd6 46. Re5 Nc4 47. Re2
Na3 48. Kf4 Nb5 49. Ke5 Nxc3 50. Rc2 Ne4 51. Rc7+ Ke8 52. Rg7 Nxg5 53. Rxg6 Ne4
54. Kxd5 Nc3+ 55. Kc5 Na4+ 56. Kd6 1-0

[Event "OGOLNOPOLSKA OLIMPIADA MLODZIEZY<br/>MISTRZOSTWA POLSKI JUNIOROW 2016 - D14"]
[Site "Olecko"]
[Date "2016-05-08"]
[Round "3.11"]
[White "Czarniecka, Aleksandra"]
[Black "Wasala, Wiktoria"]
[Result "1-0"]
[WhiteTitle "I"]
[BlackTitle "I"]
[WhiteElo "1624"]
[BlackElo "1448"]

1. e4 e5 2. Nf3 Nc6 3. Bb5 Nd4 4. Bc4 Nxf3+ 5. Qxf3 Qf6 6. Qc3 Ne7 7. Na3 a6 8.
O-O Ng6 9. f4 b5 10. Bd5 Qb6+ 11. Kh1 c6 12. Bb3 Bxa3 13. bxa3 f6 14. fxe5 Nxe5
15. d4 Ng6 16. e5 Rf8 17. exf6 Rxf6 18. Re1+ Kf8 19. Bg5 a5 20. Bxf6 gxf6 21.
Qe3 Kg7 22. c3 d5 23. Bc2 Qc7 24. Bxg6 Kxg6 25. Qe8+ Kh6 26. Rf1 Qg7 27. Qxc6
Rb8 28. Rxf6+ Kh5 29. Qxd5+ Qg5 30. Qf7+ Kg4 31. h3+ Kg3 32. Rf3+ Kh4 33. Qxh7+
Qh5 34. Qe4+ Kg5 35. Raf1 Rb6 36. Qe5+ Kh6 37. Rf6+ 1-0

[Event "OGOLNOPOLSKA OLIMPIADA MLODZIEZY<br/>MISTRZOSTWA POLSKI JUNIOROW 2016 - D14"]
[Site "Olecko"]
[Date "2016-05-08"]
[Round "3.12"]
[White "Mytych, Wiktoria"]
[Black "Michalska, Aleksandra"]
[Result "0-1"]
[WhiteTitle "I"]
[BlackTitle "I"]
[WhiteElo "1276"]
[BlackElo "1560"]

1. e4 e5 2. Nf3 Nc6 3. Nc3 Nf6 4. Bb5 Bc5 5. Bxc6 dxc6 6. h3 O-O 7. O-O Qe7 8.
d3 h6 9. Qe2 Bd7 10. Be3 Bb6 11. Rfd1 Rfe8 12. a3 Rad8 13. Re1 c5 14. Rab1 Ba5
15. Bd2 Bc6 16. Nh4 Bd7 17. Nf3 Bc6 18. Nd1 Bxd2 19. Nxd2 Nh7 20. Ne3 Ng5 21.
Nf3 Ne6 22. Nf5 Qf6 23. Qe3 Nd4 24. N3xd4 cxd4 25. Qg3 Bd7 26. Nh4 Qg5 27. Qxg5
hxg5 28. Nf3 g4 29. hxg4 Bxg4 30. Nh2 Bd7 31. Rf1 c5 32. Nf3 b5 33. Nd2 Be6 34.
b3 Rd6 35. Ra1 Rc8 36. Nb1 c4 37. b4 cxd3 38. cxd3 Rc2 39. Rd1 Rdc6 40. Nd2 Rb2
41. Nf3 f6 42. Ne1 Ra2 43. Kf1 Rc3 44. Rxa2 Bxa2 45. Ra1 Rxa3 46. g3 Ra4 47. Nc2
Kf7 48. Ke2 Ke6 49. f4 Kf7 50. f5 g6 51. g4 Bb3 52. Rxa4 Bxa4 53. Na1 Kg7 54.
Kd2 Kh6 55. Nc2 Bxc2 56. Kxc2 gxf5 57. gxf5 Kg5 58. Kd2 Kg4 59. Ke2 Kg3 0-1

[Event "OGOLNOPOLSKA OLIMPIADA MLODZIEZY<br/>MISTRZOSTWA POLSKI JUNIOROW 2016 - D14"]
[Site "Olecko"]
[Date "2016-05-08"]
[Round "3.13"]
[White "Bilczewska, Olga"]
[Black "Jedras, Adrianna"]
[Result "1-0"]
[WhiteTitle "I"]
[BlackTitle "I"]
[WhiteElo "1558"]
[BlackElo "1261"]

1. d4 d5 2. c4 e6 3. Nc3 Ne7 4. cxd5 Nxd5 5. e4 Nxc3 6. bxc3 c5 7. Nf3 g6 8. Bg5
f6 9. Be3 cxd4 10. Nxd4 e5 11. Nb3 Qxd1+ 12. Rxd1 b6 13. Bc4 Bb7 14. f3 Ba6 15.
Bd5 Bg7 16. Bxa8 O-O 17. Bd5+ Kh8 18. c4 Rc8 19. O-O Bf8 20. Rc1 Kg7 21. Rfd1
Ba3 22. Rc2 Rc7 23. c5 Nd7 24. c6 Nf8 25. f4 Bd6 26. fxe5 Bxe5 27. Bd4 Bxd4+ 28.
Nxd4 h5 29. Ne6+ Nxe6 30. Bxe6 Bc8 31. Bxc8 Rxc8 32. c7 Kh6 33. Rd8 Rxc7 34. Rxc7
a5 35. h4 g5 36. hxg5+ fxg5 37. Rd6# 1-0

[Event "OGOLNOPOLSKA OLIMPIADA MLODZIEZY<br/>MISTRZOSTWA POLSKI JUNIOROW 2016 - D14"]
[Site "Olecko"]
[Date "2016-05-08"]
[Round "3.14"]
[White "Wyrzykowska, Aleksandra"]
[Black "Sowa, Wiktoria"]
[Result "0-1"]
[WhiteTitle "I"]
[BlackTitle "I"]
[WhiteElo "1254"]
[BlackElo "1545"]

1. e4 Nf6 2. Nc3 d6 3. d4 c6 4. Nf3 Bg4 5. Bf4 e6 6. Be2 d5 7. Qd3 dxe4 8. Nxe4
Nd5 9. Bg3 Bf5 10. O-O Nb4 11. Qe3 Nxc2 12. Qd3 Nxa1 13. Rxa1 Qd5 14. Nfd2 Bb4
15. f3 Nd7 16. Nc4 O-O 17. Ne3 Bxe4 18. fxe4 Qa5 19. a3 Be7 20. Rd1 Nf6 21. Bf3
Rfd8 22. Qb3 Qb6 23. Qxb6 axb6 24. Bc7 Rd7 25. Bxb6 Bd8 26. Bc5 b6 27. Bb4 Be7
28. Bxe7 Rxe7 29. e5 Nd5 30. Bxd5 exd5 31. Rc1 Re6 32. Nf5 c5 33. dxc5 bxc5 34.
Rxc5 Rxe5 35. Nd4 Kf8 36. Nf3 Re2 37. Rb5 Rc8 38. h3 Rcc2 39. b3 Rxg2+ 40. Kh1
Rgf2 41. Rxd5 Rxf3 42. Rd1 Rxh3+ 43. Kg1 Rxb3 44. a4 Ra3 45. Re1 Rxa4 46. Kf1
Rac4 47. Kg1 Rc1 48. Rxc1 Rxc1+ 49. Kg2 Rc3 0-1

[Event "OGOLNOPOLSKA OLIMPIADA MLODZIEZY<br/>MISTRZOSTWA POLSKI JUNIOROW 2016 - D14"]
[Site "Olecko"]
[Date "2016-05-08"]
[Round "3.15"]
[White "Ullrich, Agata"]
[Black "Hryn, Aleksandra"]
[Result "0-1"]
[WhiteTitle "II"]
[BlackTitle "I"]
[WhiteElo "1199"]
[BlackElo "1517"]

1. f4 d5 2. Nf3 Nc6 3. e3 Nf6 4. Bb5 Bd7 5. b3 e6 6. Bb2 Be7 7. O-O O-O 8. d3 Nb8
9. Bxd7 Nbxd7 10. Nbd2 Bd6 11. Ne5 c5 12. Ndf3 Nb6 13. Qe2 Qe7 14. Rad1 Rad8 15.
e4 Qc7 16. c3 Be7 17. a4 a5 18. g3 Nc8 19. exd5 exd5 20. Qe3 Bd6 21. Rfe1 Rde8
22. Ba3 b6 23. Kg2 Na7 24. Qf2 Nc6 25. Nxc6 Qxc6 26. Rxe8 Rxe8 27. Rb1 h6 28.
Re1 Qd7 29. Nd2 Ng4 30. Rxe8+ Qxe8 31. Qf3 Qe3 32. Qxe3 Nxe3+ 33. Kf3 Nf5 34.
Nf1 Kf8 35. Ne3 Nxe3 36. Kxe3 Ke7 37. c4 Ke6 38. g4 g6 39. Bb2 f5 40. g5 hxg5
41. fxg5 Bxh2 42. Bf6 Bc7 43. d4 dxc4 44. bxc4 cxd4+ 45. Kxd4 Kd6 46. Be5+ Kc6
47. Bxc7 Kxc7 48. Kd5 Kd7 49. c5 Kc7 50. Kc4 Kc6 51. cxb6 Kxb6 52. Kd4 Kc6 53.
Kc4 Kd6 54. Kd4 Ke6 55. Ke3 Ke5 56. Kf3 Kd4 57. Ke2 Ke4 58. Kf2 Kf4 59. Kg2 Ke3
60. Kg3 f4+ 61. Kg2 f3+ 62. Kf1 f2 0-1

[Event "OGOLNOPOLSKA OLIMPIADA MLODZIEZY<br/>MISTRZOSTWA POLSKI JUNIOROW 2016 - D14"]
[Site "Olecko"]
[Date "2016-05-08"]
[Round "3.16"]
[White "Tuznik, Martyna"]
[Black "Lascar, Maria Elena"]
[Result "0-1"]
[WhiteTitle "II"]
[BlackTitle "I+"]
[WhiteElo "1047"]
[BlackElo "1491"]

1. e4 c5 2. Nf3 e6 3. d4 cxd4 4. Nxd4 Nf6 5. Nc3 Qb6 6. Bg5 Bc5 7. Na4 Qa5+ 8.
c3 Bxd4 9. Qxd4 Qxg5 10. e5 Nc6 11. f4 Nxd4 12. fxg5 Nc2+ 13. Kd2 Nxa1 14. gxf6
gxf6 15. exf6 Rg8 16. g3 Rb8 17. Bg2 d6 18. Rxa1 b5 19. Kc2 bxa4 20. Be4 h6 21.
Re1 Bb7 22. Bd3 Kd7 23. b3 axb3+ 24. axb3 a6 25. Rg1 d5 26. g4 Kd6 27. h4 e5 28.
Bf5 Bc8 29. Bxc8 Rbxc8 30. Kd3 Ke6 31. g5 hxg5 32. hxg5 Kf5 33. Ra1 Rxg5 34. Rxa6
Rg3+ 35. Kd2 Rgxc3 36. b4 Rc2+ 37. Kd1 Ke4 38. b5 Rc1+ 39. Kd2 R8c2# 0-1

[Event "OGOLNOPOLSKA OLIMPIADA MLODZIEZY<br/>MISTRZOSTWA POLSKI JUNIOROW 2016 - D14"]
[Site "Olecko"]
[Date "2016-05-08"]
[Round "3.17"]
[White "Tomczak, Marta"]
[Black "Sawa, Daria"]
[Result "1-0"]
[WhiteTitle "I"]
[BlackTitle "I"]
[WhiteElo "1482"]
[BlackElo "1111"]

1. e4 e5 2. Nf3 Nc6 3. Bb5 a6 4. Ba4 Nf6 5. O-O Be7 6. h3 O-O 7. Re1 b5 8. Bb3
Bb7 9. c3 Re8 10. Bc2 Bf8 11. d4 exd4 12. cxd4 Nb4 13. Nbd2 Nxc2 14. Qxc2 d6 15.
a3 c5 16. d5 Nd7 17. b3 Ne5 18. Nxe5 Rxe5 19. Nf3 Re7 20. Bg5 f6 21. Bd2 Qc7 22.
Rac1 Rae8 23. b4 f5 24. bxc5 dxc5 25. Qa2 Kh8 26. exf5 Qd6 27. Be3 Bxd5 28. Qd2
c4 29. Red1 Rd7 30. Bf4 Qc6 31. Ne5 Rxe5 32. Bxe5 Bxa3 33. Ra1 Bc5 34. Bc3 Be6
35. Qg5 Bd5 36. f6 Bf8 37. fxg7+ Bxg7 38. Bxg7+ Rxg7 39. Qxd5 Qg6 40. g3 Rg8 41.
Rxa6 Qe8 42. Ra7 1-0

[Event "OGOLNOPOLSKA OLIMPIADA MLODZIEZY<br/>MISTRZOSTWA POLSKI JUNIOROW 2016 - D14"]
[Site "Olecko"]
[Date "2016-05-08"]
[Round "3.18"]
[White "Koruch, Maria"]
[Black "Filipska, Maja"]
[Result "1-0"]
[WhiteTitle "I"]
[BlackTitle "I"]
[WhiteElo "1362"]
[BlackElo "1479"]

1. e4 c5 2. Nf3 a6 3. c4 d6 4. d4 cxd4 5. Nxd4 Nf6 6. Nc3 g6 7. Be2 Bg7 8. Be3
O-O 9. Qd2 Nc6 10. f4 Ng4 11. Bxg4 Bxg4 12. h3 Bd7 13. O-O-O Rc8 14. Nc2 Be6 15.
Nd5 Bxd5 16. exd5 Na5 17. b3 b5 18. cxb5 axb5 19. Bd4 Bxd4 20. Qxd4 Qc7 21. Rd2
Ra8 22. Kb1 Rfc8 23. Re1 Ra7 24. Rde2 f6 25. Qe4 Qc3 26. Re3 Qc7 27. Nd4 Qb7 28.
Rg3 Qa6 29. Rxg6+ Kf7 30. Rg3 Rh8 31. Qe6+ Kf8 32. Re2 Rc7 33. Rc2 Rxc2 34. Nxc2
Qa8 35. Nd4 Qb8 36. Nf5 Qa7 37. Qc8+ Kf7 38. Rg7# 1-0

[Event "OGOLNOPOLSKA OLIMPIADA MLODZIEZY<br/>MISTRZOSTWA POLSKI JUNIOROW 2016 - D14"]
[Site "Olecko"]
[Date "2016-05-08"]
[Round "3.20"]
[White "Roszkiewicz, Anna"]
[Black "Laszczuk, Zuzanna"]
[Result "1-0"]
[WhiteTitle "I"]
[BlackTitle "II"]
[WhiteElo "1443"]
[BlackElo "1062"]

1. e4 e5 2. Nf3 Nc6 3. Bb5 f5 4. exf5 e4 5. Ng1 Nf6 6. Nc3 d5 7. d3 Bb4 8. Bd2
exd3 9. Bxd3 Bxc3 10. Bxc3 d4 11. Bd2 Qe7+ 12. Qe2 Qxe2+ 13. Nxe2 O-O 14. O-O-O
Ng4 15. Rdf1 a6 16. Ng3 Ne7 17. Bb4 Re8 18. h3 Ne5 19. Be4 Bd7 20. Bxe7 Rxe7 21.
Bxb7 Ra7 22. Bd5+ Kf8 23. Re1 d3 24. f4 Nf7 25. Rxe7 Kxe7 26. Re1+ Kf8 27. cxd3
Nd6 28. Be6 Bc6 29. Ne4 Ra8 30. Nxd6 cxd6 31. g4 Re8 32. Kd2 d5 33. Rc1 Bb5 34.
Bxd5 Rd8 35. Bc4 Bc6 36. Bxa6 Bg2 37. Rc8 Rxc8 38. Bxc8 Bxh3 39. g5 g6 40. a4
Bg2 41. fxg6 hxg6 42. a5 Ke7 43. f5 gxf5 44. Bxf5 Kf7 45. Be4 Bxe4 46. dxe4 Kg6
47. a6 Kxg5 48. a7 Kf4 49. a8=Q 1-0

[Event "OGOLNOPOLSKA OLIMPIADA MLODZIEZY<br/>MISTRZOSTWA POLSKI JUNIOROW 2016 - D14"]
[Site "Olecko"]
[Date "2016-05-08"]
[Round "3.21"]
[White "Bartkowska, Dorota"]
[Black "Nowicka, Julia"]
[Result "0-1"]
[WhiteTitle "II"]
[BlackTitle "I"]
[WhiteElo "1090"]
[BlackElo "1281"]

1. e4 e5 2. Nf3 Nc6 3. Bb5 a6 4. Ba4 Nf6 5. O-O Be7 6. Re1 b5 7. Bb3 O-O 8. c3
d6 9. d3 Na5 10. Bc2 c5 11. b4 cxb4 12. cxb4 Nc6 13. a4 Bg4 14. Nbd2 Nxb4 15.
axb5 axb5 16. Rb1 Nxc2 17. Qxc2 Qb6 18. Qb3 Rfb8 19. Ng5 Bh5 20. Nf1 h6 21. Be3
Qb7 22. Nf3 Bxf3 23. gxf3 Qd7 24. Ng3 Qh3 25. Nf5 Bf8 26. Qd1 g6 27. Ng3 h5 28.
Bg5 Nh7 29. Be3 h4 30. Nh1 Be7 31. Qe2 Ng5 32. Bxg5 Bxg5 33. Qf1 Qxf3 34. Qg2
Qxg2+ 35. Kxg2 Bf4 36. Red1 b4 37. d4 exd4 38. Rxd4 b3 39. Rdd1 Be5 40. f3 b2
41. f4 Bxf4 42. Nf2 Be5 43. Nd3 Bg7 44. Kf3 Ra1 45. Kg4 Rxb1 46. Rxb1 Ra8 47.
Nxb2 Rb8 48. Kxh4 Rxb2 49. Rxb2 Bxb2 50. Kg5 Kg7 51. h4 Bc1+ 52. Kg4 Kf6 53. Kf3
Ke5 54. Ke2 Kxe4 55. Kf2 d5 56. Ke2 d4 57. Ke1 d3 58. Kd1 d2 59. Kc2 Ke3 60. Kd1
f5 61. Kc2 Ke2 62. Kb1 d1=Q 63. Ka2 Qc2+ 64. Ka1 Qb2# 0-1

[Event "OGOLNOPOLSKA OLIMPIADA MLODZIEZY<br/>MISTRZOSTWA POLSKI JUNIOROW 2016 - D14"]
[Site "Olecko"]
[Date "2016-05-08"]
[Round "3.23"]
[White "Kubasik, Aleksandra"]
[Black "Rokoszna, Zuzanna"]
[Result "0-1"]
[WhiteTitle "II"]
[BlackTitle "II"]
[WhiteElo "1151"]
[BlackElo "1017"]

1. e4 c5 2. Nf3 d6 3. d4 cxd4 4. Nxd4 Nf6 5. f3 g6 6. c4 Bg7 7. Be3 Nc6 8. Nc3
O-O 9. Be2 Qb6 10. Rb1 Nxe4 11. Nxc6 Nxc3 12. Nxe7+ Kh8 13. Bxb6 Nxd1 14. Kxd1
axb6 15. a3 Re8 16. Nd5 Bf5 17. Ra1 Bxb2 18. Ra2 Rxa3 19. Rxa3 Bxa3 20. Nxb6 Bc5
21. Nd5 Ra8 22. Kd2 Ra2+ 23. Ke1 Ra1+ 24. Bd1 Bd3 25. Nc3 Bxc4 26. Ne4 Bb4+ 27.
Kf2 Ra2+ 28. Kg3 d5 29. Ng5 Bd6+ 30. Kh3 d4 31. Re1 Bf4 32. Re8+ Kg7 33. Ne4 Be6+
34. Kh4 Rxg2 35. h3 Rh2 36. Ng5 Bxg5+ 37. Kxg5 d3 38. Kf4 Rxh3 39. Ke3 Bc4 40.
Kd2 Rh1 41. Rc8 b5 42. f4 h5 43. Bf3 Rh2+ 44. Kc1 d2+ 45. Kb1 Be2 46. Bxe2 Rxe2
47. f5 d1=Q+ 48. Rc1 Qxc1+ 49. Kxc1 h4 50. f6+ Kxf6 51. Kd1 Ra2 52. Kc1 Ke5 53.
Kb1 Rh2 54. Kc1 Kd4 55. Kd1 Ke3 56. Kc1 Kd3 57. Kb1 Kc3 58. Ka1 Kb3 59. Kb1 Rh1#
0-1

[Event "OGOLNOPOLSKA OLIMPIADA MLODZIEZY<br/>MISTRZOSTWA POLSKI JUNIOROW 2016 - D14"]
[Site "Olecko"]
[Date "2016-05-08"]
[Round "4.1"]
[White "Wolagiewicz, Kinga"]
[Black "Kucharska, Honorata"]
[Result "0-1"]
[WhiteTitle "I"]
[BlackTitle "k"]
[WhiteElo "1397"]
[BlackElo "1857"]

1. d4 d5 2. e3 e6 3. Bd3 c5 4. c3 Nf6 5. Qe2 Nc6 6. Nf3 Bd6 7. Nbd2 O-O 8. dxc5
Bxc5 9. e4 e5 10. exd5 Nxd5 11. Ne4 Be7 12. Ng3 f5 13. Bc4 Qd6 14. O-O e4 15.
Rd1 Be6 16. Ng5 Bxg5 17. Bxg5 h6 18. Bxh6 Qe5 19. Bxd5 Bxd5 20. Bf4 Qe6 21. b3
Ne5 22. Bxe5 Qxe5 23. Qb5 Rad8 24. c4 f4 25. cxd5 fxg3 26. hxg3 e3 27. f4 Qb2
28. Rf1 e2 29. Rfe1 Qd4+ 30. Kh2 Rd6 31. Kh3 Qe3 32. Qxe2 Rh6+ 33. Kg4 Rg6+ 34.
Kh5 Qxg3 0-1

[Event "OGOLNOPOLSKA OLIMPIADA MLODZIEZY<br/>MISTRZOSTWA POLSKI JUNIOROW 2016 - D14"]
[Site "Olecko"]
[Date "2016-05-08"]
[Round "4.2"]
[White "Swiech, Joanna"]
[Black "Harazinska, Magdalena"]
[Result "1-0"]
[WhiteTitle "I++"]
[BlackTitle "I++"]
[WhiteElo "1939"]
[BlackElo "1805"]

1. c4 e5 2. Nc3 Nc6 3. g3 Bc5 4. Bg2 Nf6 5. e3 d6 6. Nge2 a6 7. O-O O-O 8. d4 Ba7
9. d5 Ne7 10. e4 h6 11. Qd3 Ng6 12. h3 Nh7 13. Kh2 f5 14. f4 Bd7 15. Bd2 Qc8 16.
Rae1 Nf6 17. Qc2 fxe4 18. Nxe4 Nxe4 19. Bxe4 Bf5 20. Bxf5 Qxf5 21. Qxf5 Rxf5 22.
g4 Rf7 23. f5 Ne7 24. Ng3 Bd4 25. b3 a5 26. a4 Bb6 27. Ne4 Raf8 28. Rf3 Kh7 29.
Ref1 Kh8 30. Kg2 Kh7 31. Be1 g6 32. f6 Ng8 33. g5 h5 34. Bd2 Ra8 35. Rc1 Bd4 36.
c5 Bb2 37. Rc2 Ba3 38. cxd6 cxd6 39. Rfc3 Rd8 40. Rc7 Rdd7 41. Bxa5 1-0

[Event "OGOLNOPOLSKA OLIMPIADA MLODZIEZY<br/>MISTRZOSTWA POLSKI JUNIOROW 2016 - D14"]
[Site "Olecko"]
[Date "2016-05-08"]
[Round "4.3"]
[White "Kalinowska, Zuzanna"]
[Black "Hryn, Zofia"]
[Result "1-0"]
[WhiteTitle "k"]
[BlackTitle "I"]
[WhiteElo "1901"]
[BlackElo "1531"]

1. d4 c5 2. d5 Nf6 3. Nf3 e6 4. c4 b5 5. dxe6 fxe6 6. cxb5 d5 7. e3 Bd6 8. Nc3
Nbd7 9. Be2 O-O 10. b3 a6 11. Bb2 Ne5 12. O-O Nxf3+ 13. Bxf3 Be5 14. Nxd5 Bxh2+
15. Kxh2 exd5 16. Bxf6 Rxf6 17. Qxd5+ Be6 18. Qxa8 Rh6+ 19. Kg1 Bc8 20. Qd5+ Qxd5
21. Bxd5+ 1-0

[Event "OGOLNOPOLSKA OLIMPIADA MLODZIEZY<br/>MISTRZOSTWA POLSKI JUNIOROW 2016 - D14"]
[Site "Olecko"]
[Date "2016-05-08"]
[Round "4.4"]
[White "Waszczuk, Patrycja"]
[Black "Malicka, Maria"]
[Result "0-1"]
[WhiteTitle "k"]
[BlackTitle "I++"]
[WhiteElo "1770"]
[BlackElo "1715"]

1. e4 e5 2. Nf3 Nf6 3. Nxe5 d6 4. Nf3 Nxe4 5. Nc3 Nxc3 6. dxc3 Be7 7. Be3 Nc6 8.
Qd2 Be6 9. O-O-O Qd7 10. Kb1 a6 11. Bd3 O-O-O 12. h3 h6 13. Nd4 Nxd4 14. Bxd4
Rhg8 15. f4 Bf5 16. Bxf5 Qxf5 17. g4 Qd7 18. Rhe1 Bh4 19. Bf2 Bxf2 20. Qxf2 Kb8
21. Qd4 f6 22. Qe4 Rge8 23. Qg6 Re7 24. Qd3 Rde8 25. Qg3 Qa4 26. b3 Rxe1 27. bxa4
Rxd1+ 28. Kb2 Re2 29. g5 hxg5 30. fxg5 Rdd2 31. gxf6 Rxc2+ 32. Kb3 b5 33. axb5
axb5 34. Kb4 Rb2+ 35. Ka5 Re4 36. c4 Rxc4 37. Qa3 Ra4+ 38. Qxa4 bxa4 39. fxg7
Rg2 0-1

[Event "OGOLNOPOLSKA OLIMPIADA MLODZIEZY<br/>MISTRZOSTWA POLSKI JUNIOROW 2016 - D14"]
[Site "Olecko"]
[Date "2016-05-08"]
[Round "4.5"]
[White "Raczykowska, Paulina"]
[Black "Budkiewicz, Magdalena"]
[Result "1/2-1/2"]
[WhiteTitle "I+"]
[BlackTitle "I"]
[WhiteElo "1737"]
[BlackElo "1495"]

1. e4 c5 2. Nf3 d6 3. d4 cxd4 4. Nxd4 Nf6 5. Nc3 a6 6. a4 Nc6 7. Be2 e5 8. Nb3
Be6 9. Be3 Rc8 10. Bf3 Nb4 11. a5 d5 12. Bb6 Qd7 13. exd5 Nfxd5 14. Bxd5 Nxd5
15. Nxd5 Qxd5 16. O-O Be7 17. Qe2 O-O 18. h3 Qc4 19. Qxc4 Bxc4 20. Rfe1 Be6 21.
Rxe5 Rxc2 22. Nd4 Rxb2 23. Nxe6 fxe6 24. Rxe6 Bf6 25. Rd1 Kf7 26. Red6 Re8 27.
Rd7+ Re7 28. R7d5 Rbe2 29. Be3 Ra2 30. Bb6 Rae2 31. Be3 Ra2 32. Bb6 Rae2 33. Be3
1/2-1/2

[Event "OGOLNOPOLSKA OLIMPIADA MLODZIEZY<br/>MISTRZOSTWA POLSKI JUNIOROW 2016 - D14"]
[Site "Olecko"]
[Date "2016-05-08"]
[Round "4.6"]
[White "Sowa, Wiktoria"]
[Black "Rudzinska, Michalina"]
[Result "0-1"]
[WhiteTitle "I"]
[BlackTitle "I"]
[WhiteElo "1545"]
[BlackElo "1738"]

1. e4 c5 2. Nc3 e6 3. g3 d5 4. exd5 exd5 5. Bg2 Nf6 6. d3 Nc6 7. Nge2 Be7 8. O-O
O-O 9. h3 d4 10. Nb1 Nd5 11. Nd2 Be6 12. Nf3 h6 13. Nf4 Nxf4 14. Bxf4 Nb4 15.
a3 Nd5 16. Qc1 Bd6 17. Be5 Bxe5 18. Nxe5 Qf6 19. Ng4 Qe7 20. Re1 Rad8 21. Re5
Qd6 22. Qe1 Qc7 23. Qe2 Bxg4 24. hxg4 Ne3 25. Re4 Nxg2 26. Kxg2 Qc6 27. Re1 f5
28. gxf5 Rxf5 29. Kg1 Rdf8 30. Re6 Qd5 31. Re8 Rxe8 32. Qxe8+ Rf8 33. Qe6+ Qxe6
34. Rxe6 Rf7 35. Re8+ Kh7 36. Rc8 b6 37. a4 Re7 38. Kf1 g6 39. a5 Rb7 40. a6 Re7
41. Rb8 Kg7 42. Rb7 Kf6 43. Kg2 Ke6 44. Kf3 Kd6 45. Rb8 Rf7+ 46. Kg2 Rg7 47. Rc8
Kd7 48. Rh8 h5 49. Kf3 Kc6 50. Rh6 Kb5 51. Ke4 Re7+ 52. Kf3 Rf7+ 53. Ke2 Rf6 54.
Rh7 Kxa6 55. Rc7 Rf5 56. f4 g5 57. Kf3 h4 58. Kg4 hxg3 59. Kxg3 gxf4+ 60. Kf3
b5 61. Re7 Rf6 62. Re5 Kb6 63. Re8 a6 64. Rb8+ Kc7 65. Ra8 Kb7 66. Re8 a5 67.
Re5 Kb6 68. Re8 a4 69. Rb8+ Ka6 70. Rc8 Rf5 71. Rc6+ Kb7 72. Re6 b4 73. b3 a3
74. Kf2 Rf8 75. Kf3 Rh8 76. Re7+ Kb6 77. Re6+ Kb5 78. Re1 Rh2 79. Rc1 a2 80. Kxf4
Rxc2 81. Ra1 Rb2 82. Ke4 Rxb3 83. Rxa2 Ra3 84. Rh2 b3 85. Rh8 Ra6 86. Kd5 b2 87.
Rh1 Ra1 88. Rh8 b1=Q 89. Rb8+ Ka6 90. Rxb1 Rxb1 91. Kxc5 Rd1 92. Kxd4 Kb6 93.
Ke4 Kc6 94. d4 Kd6 95. Ke3 Kd5 96. Ke2 Rxd4 97. Ke3 Ra4 98. Kf3 Ke5 99. Kg2 Ra3
100. Kf2 Ke4 101. Kg1 Ra2 102. Kh1 Kf3 103. Kg1 Rb2 104. Kh1 Kg3 105. Kg1 Rb1#
0-1